Sick days a ich zavedenie u zamestnávateľa

Zamestnávatelia neustále premýšľajú nad tým, ako prilákať čo najlepších zamestnancov na pracovnom trhu, a preto ponúkajú benefity rôzneho druhu, ako napríklad príspevok na stravovanie vo väčšej miere než ustanovuje legislatíva, poskytovanie rôznych príspevkov na športovanie, kultúru, dovolenku nad r...

ver descrição completa

Na minha lista:
Detalhes bibliográficos
Autor principal: Mičudová, Tatiana
Formato: Capítulo de Livro
Idioma:eslovaco
Assuntos:
Tags: Adicionar Tag
Sem tags, seja o primeiro a adicionar uma tag!

MARC

LEADER 00000naa a2200000 4500
001 0310811
005 20250617150648.5
041 0 |a slo 
044 |a SK 
245 1 0 |a Sick days a ich zavedenie u zamestnávateľa  |c Tatiana Mičudová 
520 |a Zamestnávatelia neustále premýšľajú nad tým, ako prilákať čo najlepších zamestnancov na pracovnom trhu, a preto ponúkajú benefity rôzneho druhu, ako napríklad príspevok na stravovanie vo väčšej miere než ustanovuje legislatíva, poskytovanie rôznych príspevkov na športovanie, kultúru, dovolenku nad rámec toho, čo ustanovuje legislatíva a pod. Tento článok pojednáva o poskytovaní tzv. sick days, čiže voľna na preklenutie nepriaznivého zdravotného stavu zamestnanca zo strany zamestnávateľa, a o tom ako ho môže zamestnávateľ zaviesť. 
610 2 0 |a benefity 
610 2 0 |a zamestnanci 
610 2 0 |a zamestnávatelia 
610 2 0 |a práceneschopnosť 
610 2 0 |a práceschopnosť 
610 2 0 |a chorobnosť 
610 2 0 |a zdravie 
100 1 |a Mičudová, Tatiana